00904 2200205 4500245007300000020002200073250001100095100001800106700001700124700002200141650001700163650002100180005001900201260003800220041001400258084001100272300002200283500038400305336000900689 aShalahuddin Al-Ayyubi b : Rahim Sang PembebascHandri SatriahText a978-602-1695-52-4 aCet. 3 aHandri Satria aWoro Lestari aSyaf Muhammad Isa aSahabat Nabi aKisah Inspiratif a20240125110150 aJakartabPenerbit Salsabilac2020 aIndonesia a297.63 a181 hlm. :cilus. aDi balik gagahnya seorang kesatria, pasti ada sosok guru yang mendidik dan melatihnya dengan sabar dan gigih. Seperti itulah kiranya Shalahuddin Al-Ayyubi dan Nuruddin Zanki. Kisah Shalahuddin Al-Ayyubi tidak akan lengkap tanpa kisah gurunya, Nuruddin Zanki. Banyak ilmu pengetahuan, keterampilan, dan ketangkasan milik Shalahuddin Al-Ayyubbi yang diwariskan dari Nuruddin Zanki. atext